000 00570nam a2200181Ia 4500
003 GCL
008 140319s9999 xx 000 0 ara d
040 _aGCL /
_cGCL
082 0 4 _a657.45
_bع م
100 1 _aعبدالفتاح الصحن
245 1 0 _aمبادىء واسس المواجهة علما وعملا /
_cعبدالفتاح الصحن
700 1 _aعبدالفتاح ابومعال
260 _a[S.N] :
_bمؤسسة شباب الجامعة ،
_c1993
300 _a478 ص
490 _a
650 0 4 _aالمحاسبة المالية
942 _2ddc
_cBK
999 _c53348
_d53348